| 000 | 00845nam a2200253Ia 4500 | ||
|---|---|---|---|
| 003 | OSt | ||
| 005 | 20220923221509.0 | ||
| 006 | a|||||r|||| 00| 0 | ||
| 007 | ta | ||
| 008 | 220922b |||||||| |||| 00| 0 hin d | ||
| 024 | _a197,736 | ||
| 037 | _cTextual | ||
| 040 |
_aARTS _cARTS _bhin |
||
| 041 |
_2hin _ahin |
||
| 082 | _aO152,8NCHx, L5 | ||
| 100 |
_aचावला, जगदीश _9156290 |
||
| 245 | 0 | _aजीवन को तमाशा नही तीर्थ बनाइये | |
| 246 | _aJīvan ko tamāshā nahī tīrtha banāiye | ||
| 260 |
_aदिल्ली _b प्रेम प्रक0 _c1975 |
||
| 300 |
_a104पृ. _ccm. |
||
| 650 |
_aहिन्दी साहित्य _9156264 |
||
| 942 |
_hO152,8NCHx, L5 _cTEXL _2CC |
||
| 999 |
_c349607 _d349607 |
||